Indy 500 Trivia - Statistics

General Stats
  • This quiz has been taken 202 times
    201 since last reset
  • The average score is 9 of 15
Answer Stats
Question Answer % Correct
Every year, the winner of the Indy 500 drinks this at the end of the race. Milk
91%
Which of these drivers has four Indy 500 wins? AJ Foyt
81%
How many cars start the Indy 500 each year? 33
78%
What current IndyCar driver has won four Indy 500s, the tied record. Helio Castroneves
76%
Who won the first Indy 500? Ray Haroun
71%
Which of these teams has the most Indy 500 wins? Team Penske
71%
The first Indy 500 was held in what year? 1911
70%
This last name has has won seven different Indy 500s, under three drivers. Unser
66%
How many drivers from Asia have won the Indy 500? 1
65%
What year was the Indy 500 not held on Memorial Day Weekend? 2020
64%
Who was the youngest driver to win the Indy 500? Troy Ruttman
40%
How many drivers from countries outside of the United States have won the Indy 500? 22
39%
Who was the oldest driver to win the Indy 500? Al Unser Jr.
35%
How many times has the Indy 500 been canceled? 6
31%
How many drivers have won the Indy 500 back-to-back years? 6
26%
No matching quizzes found
Score Distribution
Percent of People with Each Score
Percentile by Number Answered
Your Score History
You have not taken this quiz since the last reset